000 00407nam a22001697a 4500
003 koha_MIRAKIL
005 20231213095449.0
008 231213b |||||||| |||| 00| 0 ||| d
040 _aTR-IsEVY
_btur
_cTR-IsEVY
082 _a800 PAR/D
100 _aPARLA, JALE.
245 0 _aDON KİŞOT'TAN BUGÜNE ROMAN.
260 _bİletişim,
_c2013
300 _a389.
650 _aEdebiyat.
942 _2ddc
_cBK
999 _c4058
_d4058